Male mate choice and female response in relation to mating status and time since mating /
保存先:
| 第一著者: | |
|---|---|
| フォーマット: | 論文 |
| 言語: | English |
| 主題: | |
| タグ: |
タグ追加
タグなし, このレコードへの初めてのタグを付けませんか!
|
| Thư viện lưu trữ: | Thư viện Trường Đại học Đà Lạt |
|---|
| LEADER | 00985nam a2200337 4500 | ||
|---|---|---|---|
| 001 | DLU110117065 | ||
| 005 | ##20101221 | ||
| 040 | # | # | |a DLU |b eng |
| 041 | # | # | |a eng |
| 044 | # | # | |a uk |
| 100 | # | # | |a Morse, Douglass H. |
| 245 | # | # | |a Male mate choice and female response in relation to mating status and time since mating / |c Douglass H. Morse. |
| 653 | # | # | |a Aggressive behavior |
| 653 | # | # | |a Crab spider |
| 653 | # | # | |a Life history |
| 653 | # | # | |a Mating behavior |
| 653 | # | # | |a Misumena vatia |
| 653 | # | # | |a Sperm allocation |
| 653 | # | # | |a Sperm competition |
| 653 | # | # | |a Spiderling |
| 653 | # | # | |a Temporal change |
| 773 | # | # | |t Behavioral ecology |g Vol. 21, no. 2 (March-April 2010), p. 250-256 |
| 920 | # | # | |a Phòng Tạp chí -- Trung tâm Thông tin - Thư viện Trường Đại học Đà Lạt |
| 994 | # | # | |a DLU |
| 900 | # | # | |a True |
| 911 | # | # | |a Trương Bảo Trâm Anh |
| 925 | # | # | |a G |
| 926 | # | # | |a A |
| 927 | # | # | |a BB |
| 980 | # | # | |a Thư viện Trường Đại học Đà Lạt |